[Event "Tourn. n9866"]
[Site "www.echecsemail.com"]
[Date "2019.01.03"]
[Round "1"]
[White "Gvladutz"]
[Black "Drawlward"]
[WhiteElo "2550"]
[BlackElo "2670"]
[Result "0-1"]
[Round "1"]
1.e4 c5
2.Ng1f3 g6
3.d4 cxd4
4.Nf3xd4 Nb8c6
5.c4 Bf8g7
6.Bc1e3 Ng8f6
7.Nb1c3 O-O
8.Bf1e2 d6
9.O-O Bc8d7
10.Qd1d2 Nc6xd4
11.Be3xd4 Bd7c6
12.f3 Nf6d7
13.Ra1d1 Bg7xd4
14.Qd2xd4 Qd8b6
15.Qd4xb6 Nd7xb6
16.b3 a5
17.f4 Nb6d7
18.Nc3d5 Ra8e8
19.Be2g4 Nd7c5
20.Rf1e1 Bc6xd5
21.exd5 f5
22.Bg4f3 Kf7
23.Re1e3 Re8b8
24.Rd1e1 Rf8e8
25.g4 fxg4
26.Bf3xg4 b5
27.cxb5 Rb8xb5
28.f5 Rb5b4
29.fxg6 hxg6
30.Bg4e2 Nc5d7
31.a3 Rb4b7
32.Be2a6 Rb7b6
33.Re1f1 Kg7
34.Ba6c4 Nd7e5
35.Rf1f4 Re8c8
36.h4 a4
37.Re3g3 axb3
38.Bc4xb3 Kh6
39.Kf1 Rc8b8
40.Bb3d1 Rb6b1
41.Rf4d4 Rb8b2
42.Rg3c3 Rb2h2
43.Kg1 Rh2a2
44.Kf1 Rb1a1
45.Kg1 Ra2xa3
46.Rc3xa3 Ra1xa3
47.Kf2 Ne5d3
48.Ke2 Nd3b2
49.Bd1c2 Ra3c3
50.Bc2a4 Rc3c4
51.Rd4xc4 Nb2xc4
52.Ba4b3 Nc4e5
53.Kf2 Kh5
54.Kg3 g5
55.Bb3d1 Kg6
56.Bd1c2 Kf6
57.h5 Kg7
58.Bc2a4 Kh6
59.Ba4e8 Ne5c4
60.Kf3 Nc4b6
61.Ke4 g4
62.Be8g6 g3
63.Kf3 Nb6xd5
64.Kxg3 Kg5
65.Kf3 Nd5f4
66.Bg6f7 Nf4xh5
67.Ke3 Nh5g7
68.Ke4 Kf6
69.Bf7b3 Ng7e6
70.Bb3c4 Ne6c7
71.Bc4f1 e5
72.Bf1g2 d5
73.Ke3 Ke6
74.Bg2h3 Kd6
75.Bh3f5 Nc7e6
76.Bf5g6 Ne6c5
77.Bg6f7 e4
78.Kf4 Nc5d3
79.Ke3 Ke5
80.Kd2 d4
81.Bf7c4 Nd3f4
82.Bc4b5 d3
83.Bb5c6 Kd4
84.Ke1 e3
85.Bc6f3 d2
86.Kd1 Kc3
87.Bf3g4 e2
88.Bg4xe2 Nf4xe2
{ resign }
0-1

[Event "Tourn. n10004"]
[Site "www.echecsemail.com"]
[Date "2019.01.03"]
[Round "1"]
[White "Numanoid"]
[Black "Drawlward"]
[WhiteElo "2620"]
[BlackElo "2620"]
[Result "1/2-1/2"]
[Round "1"]
1.e4 c5
2.Ng1f3 e6
3.d4 cxd4
4.Nf3xd4 Ng8f6
5.Nb1c3 Nb8c6
6.Bf1e2 Bf8b4
7.O-O Bb4xc3
8.bxc3 Nf6xe4
9.Be2d3 d5
10.Nd4xc6 bxc6
11.Bc1a3 c5
12.Rf1e1 O-O
13.Bd3xe4 dxe4
14.Ba3xc5 Rf8e8
15.Re1xe4 h6
{ draw }
1/2-1/2

[Event "Tourn. n10026"]
[Site "www.echecsemail.com"]
[Date "2019.01.03"]
[Round "1"]
[White "Tonino1"]
[Black "Erno"]
[WhiteElo "2320"]
[BlackElo "2340"]
[Result "1-0"]
[Round "1"]
1.d4 e6
2.Ng1f3 Ng8f6
3.e3 d5
4.Bf1d3 c5
5.c3 Nb8c6
6.O-O Bc8d7
7.Nb1d2 Bf8d6
8.Qd1e2 O-O
9.b3 cxd4
10.exd4 Qd8c7
11.Rf1e1 Ra8e8
12.Nd2f1 e5
13.dxe5 Nc6xe5
14.Nf3xe5 Bd6xe5
15.Qe2d1 Be5xc3
16.Re1xe8 Rf8xe8
17.Bc1d2 Bc3xa1
18.Qd1xa1  { time }
1-0

[Event "Tourn. n10020"]
[Site "www.echecsemail.com"]
[Date "2019.01.03"]
[Round "1"]
[White "Tonino1"]
[Black "Numanoid"]
[WhiteElo "2340"]
[BlackElo "2650"]
[Result "0-1"]
[Round "1"]
1.d4 e6
2.Ng1f3 b6
3.e3 Bc8b7
4.Bf1d3 f5
5.O-O Ng8f6
6.Nb1d2 Bf8e7
7.Qd1e2 O-O
8.c4 Qd8e8
9.e4 fxe4
10.Nd2xe4 Qe8h5
11.Bc1d2 Nb8c6
12.a3 Nf6xe4
13.Bd3xe4 Nc6xd4
14.Qe2e3 Nd4xf3
15.gxf3 Bb7xe4
16.fxe4 Rf8f3
17.Qe3d4 Be7d6
 { time }
0-1

[Event "1/128 Finale"]
[Site "www.chess-mail.com"]
[Date "2019.01.03"]
[Round "1"]
[White "Fabos12"]
[Black "Mitja"]
[WhiteElo "1950"]
[BlackElo "1980"]
[Result "1-0"]
[Round "1"]
1.d4 d5
2.Ng1f3 e6
3.g3 c6
4.Bf1g2 h6
5.c3 Ng8f6
6.Nb1d2 Bf8e7
7.O-O O-O
8.Qd1c2 b6
9.e4 Nf6xe4
10.Nd2xe4 dxe4
11.Qc2xe4 Bc8b7
12.Nf3e5 Qd8c7
13.Bc1e3 Be7f6
14.Ra1d1 Bf6xe5
15.dxe5 Nb8d7
16.Rd1d6 Ra8c8
17.Rf1d1 Rf8d8
18.Qe4h4 Nd7f8
19.Rd6xd8 { resign }
1-0

[Event "Tourn. n9967"]
[Site "www.echecsemail.com"]
[Date "2019.01.04"]
[Round "1"]
[White "Fabos12"]
[Black "Bira47"]
[WhiteElo "1980"]
[BlackElo "2060"]
[Result "0-1"]
[Round "1"]
1.d4 b6
2.e4 Bc8b7
3.Bf1d3 g6
4.f4 d6
5.Nb1d2 Bf8g7
6.c3 Ng8f6
7.g4 O-O
8.h4 d5
9.e5 Nf6e4
10.Qd1f3 Ne4xd2
11.Bc1xd2 e6
12.g5 Nb8d7
13.h5 c5
14.Qf3h3 f5
15.hxg6 hxg6
16.Ng1f3 Kf7
17.O-O-O Rf8h8
18.Qh3g3 Qd8e7
19.Rh1xh8 Ra8xh8
20.Bd3b5 Nd7b8
21.Kb1 a6
22.Bb5d3 c4
23.Bd3c2 b5
24.a3 a5
25.Ka2 Bb7c6
26.Nf3g1 b4
27.cxb4 Nb8a6
28.bxa5 Qe7b7
29.b4 Rh8c8
30.Ng1e2 Na6c7
31.a4 Rc8a8
32.Rd1b1 Bg7f8
33.Qg3h3 Bf8g7
34.Ne2c3 Ra8h8
35.Qh3g2 Nc7a8
36.b5 Bc6d7
37.Rb1h1 Qb7b8
38.b6 Na8xb6
39.axb6 Qb8xb6
40.Nc3e2 Qb6a6
41.a5 c3
42.Ne2xc3 Qa6xa5
43.Kb1 Rh8b8
44.Kc1 Qa5a1
45.Bc2b1 Bd7a4
46.Bd2e1 Qa1a3
47.Kd2 Qa3b2
{ resign }
0-1

[Event "Match"]
[Site "www.echecsemail.com"]
[Date "2019.01.04"]
[Round "1"]
[White "Jackbauer"]
[Black "Karlgrocer"]
[WhiteElo "1820"]
[BlackElo "1920"]
[Result "1-0"]
[Round "1"]
1.e4 d6
2.f4 e6
3.Ng1f3 Bf8e7
4.Nb1c3 Ng8f6
5.Bf1e2 O-O
6.O-O a6
7.d4 Nb8d7
8.a3 c5
9.d5 exd5
10.exd5 Nd7b6
11.a4 Bc8d7
12.g3 Nb6c8
13.b3 Ra8b8
14.Be2d3 h6
15.Rf1e1 Bd7g4
16.Nc3e4 Nf6xd5
17.c4 Nd5b4
18.Bd3e2 Nc8a7
19.Bc1d2 Na7c6
20.Bd2c3 a5
21.Nf3d2 Bg4xe2
22.Re1xe2 Qd8d7
23.Nd2f3 Rb8d8
24.Re2d2 Qd7c7
25.Qd1e2 f5
26.Ne4f2 Rd8e8
27.Qe2f1 Be7f6
28.Bc3xf6 Rf8xf6
29.Nf2d1 Rf6e6
30.Nd1b2 Re6e3
31.Nb2d3 Qc7e7
32.Rd2d1 Qe7e4
33.Rd1e1 Qe4xf3
34.Qf1xf3 { resign }
1-0

[Event "Match"]
[Site "www.echecsemail.com"]
[Date "2019.01.04"]
[Round "1"]
[White "Eeze"]
[Black "Ketchuplover"]
[WhiteElo "1800"]
[BlackElo "1980"]
[Result "1-0"]
[Round "1"]
1.e4 d6
2.d4 Ng8f6
3.Bf1d3 Nb8d7
4.h3 h5
5.Ng1f3 g6
6.Bc1g5 Bf8g7
7.O-O a6
8.c3 b6
9.Qd1a4 Bc8b7
10.Nb1d2 O-O
11.Rf1e1 b5
12.Qa4c2 e5
13.b4 c5
14.d5 cxb4
15.cxb4 Ra8c8
16.Qc2b3 Kh7
17.Ra1c1 Bg7h6
18.Bg5h4 Kg7
19.Rc1c2 Rc8xc2
20.Qb3xc2 Qd8c8
21.Bh4g5 Qc8xc2
22.Bd3xc2 Rf8c8
23.Bc2b1 Bh6xg5
24.Nf3xg5 Nd7b6
25.Nd2b3 Rc8c3
26.Nb3a5 Bb7a8
27.f3 Nb6c4
28.Na5xc4 Rc3xc4
29.h4 Rc4xb4
30.Ng5h3 a5
31.Nh3f2 a4
32.Re1c1 a3
33.Nf2d3 Rb4c4
34.Rc1xc4 bxc4
35.Nd3b4 Nf6d7
36.Nb4c2 Nd7b6
37.Nc2xa3 Kf8
38.g4 hxg4
39.fxg4 Nb6xd5
40.exd5 Ba8xd5
41.Na3b5 { resign }
1-0

[Event "Tourn. n10004"]
[Site "www.echecsemail.com"]
[Date "2019.01.04"]
[Round "1"]
[White "Drawlward"]
[Black "Gimmyg"]
[WhiteElo "2620"]
[BlackElo "2580"]
[Result "1-0"]
[Round "1"]
1.d4 Ng8f6
2.c4 e6
3.g3 Bf8e7
4.Bf1g2 c5
5.d5 exd5
6.cxd5 d6
7.Nb1c3 O-O
8.Ng1f3 a6
9.a4 Bc8f5
10.Nf3d2 Nb8d7
11.O-O Bf5g6
12.e4 Rf8e8
13.Qd1e2 Be7f8
14.g4 Nd7b6
15.f4 h6
16.Qe2d1 Nb6d7
17.h4 h5
18.f5 Bg6h7
19.g5 Nf6g4
20.Nd2c4 g6
21.f6 Ng4e5
22.Nc4xe5 Nd7xe5
23.Bc1f4 Qd8a5
24.Qd1e2 Ra8c8
25.Rf1d1 c4
26.Bf4e3 Ne5d3
27.Bg2h3 Rc8c7
28.Be3d4 Nd3f4
29.Qe2e3 Nf4xh3
30.Qe3xh3 Rc7c8
31.Rd1e1 Rc8b8
32.Qh3e3 Qa5d8
33.a5 Qd8c7
34.Nc3a4 Qc7xa5
35.Na4b6 Qa5b5
36.Re1c1 Re8d8
37.Rc1xc4 Kh8
38.Rc4c3 Bh7g8
39.Ra1a3 Qb5xb2
40.Ra3b3 { resign }
1-0

[Event "Tourn. n9981"]
[Site "www.echecsemail.com"]
[Date "2019.01.04"]
[Round "1"]
[White "Bevittsmith"]
[Black "Apdash"]
[WhiteElo "2220"]
[BlackElo "2240"]
[Result "0-1"]
[Round "1"]
1.e4 c5
2.Ng1f3 d6
3.d4 cxd4
4.Nf3xd4 Nb8c6
5.Nb1c3 a6
6.Bf1e2 Ng8f6
7.Bc1e3 g6
8.Qd1d2 Bf8g7
9.O-O Qd8c7
10.h3 O-O
11.Nd4xc6 bxc6
12.Be3h6 Ra8b8
13.Bh6xg7 Kxg7
14.b3 Bc8b7
15.Be2d3 e5
16.f4 exf4
17.Rf1xf4 Nf6h5
18.Rf4h4 d5
19.Qd2g5 h6
20.Qg5e3 Qc7e5
21.Qe3c5 Nh5f4
22.Ra1f1 g5
23.Rh4xf4 gxf4
24.Nc3e2 Rb8e8
25.Rf1xf4 dxe4
26.Qc5xe5 Re8xe5
27.Bd3xe4 Rf8e8
28.Ne2c3 Re8e7
29.Be4f3 f5
30.Kh2 Re5c5
31.Rf4c4 Rc5xc4
32.bxc4 c5
33.Nc3d5 Bb7xd5
34.cxd5 c4
35.Kg3 Kf6
36.Kf4 Re7b7
37.g4 fxg4
38.Bf3xg4 Rb7b2
39.Bg4f5 Rb2xa2
40.d6 Ra2b2
41.d7 Ke7
{ resign }
0-1

[Event "Match"]
[Site "www.echecsemail.com"]
[Date "2019.01.04"]
[Round "1"]
[White "Llord"]
[Black "Ffdd65"]
[WhiteElo "1960"]
[BlackElo "2170"]
[Result "0-1"]
[Round "1"]
1.e4 e5
2.Ng1f3 Nb8c6
3.g3 Ng8f6
4.d3 h6
5.Bf1g2 Bf8c5
6.O-O d6
7.Nb1c3 a6
8.Bc1e3 Bc5xe3
9.fxe3 Bc8e6
10.d4 exd4
11.exd4 d5
12.e5 Nf6h7
13.Nf3d2 Nc6xd4
14.Nd2f3 Nd4xf3
15.Qd1xf3 c6
16.Bg2h3 Nh7g5
17.Qf3h5 Be6xh3
18.Rf1f2 O-O
19.Nc3e2 Qd8d7
20.Ne2f4 Ra8e8
21.Nf4xh3 Ng5xh3
22.Kf1 Nh3xf2
23.Kxf2 f6
24.exf6 Rf8xf6
25.Kg1 Rf6f5
26.Qh5d1 Qd7f7
{ resign }
0-1

[Event "Tourn. n10022"]
[Site "www.echecsemail.com"]
[Date "2019.01.04"]
[Round "1"]
[White "Erno"]
[Black "Aiko1603"]
[WhiteElo "2340"]
[BlackElo "2100"]
[Result "0-1"]
[Round "1"]
1.g3 c5
2.c4 Nb8c6
3.Ng1f3 g6
4.Bf1g2 Bf8g7
5.Nb1c3 d6
6.O-O Ng8f6
7.d4 cxd4
8.Nf3xd4 O-O
9.Nd4xc6 bxc6
10.Bg2xc6 Ra8b8
11.Bc6g2 Bc8g4
12.b3 Nf6d7
13.Bc1b2 Qd8a5
14.Qd1c1 Bg4xe2
15.Nc3xe2 Nd7e5
16.Rf1d1 Qa5c7
17.Bb2d4 a6
18.Qc1c3 f6
19.Ne2f4 Qc7d7
 { time }
0-1

[Event "Match"]
[Site "www.echecsemail.com"]
[Date "2019.01.04"]
[Round "1"]
[White "Darknight"]
[Black "Whitekknight"]
[WhiteElo "1890"]
[BlackElo "1880"]
[Result "1-0"]
[Round "1"]
1.e4 e5
2.Bf1c4 Nb8c6
3.a3 Bf8c5
4.Ng1f3 Ng8f6
5.d3 h6
6.c3 O-O
7.h3 d6
8.g4 Qd8e7
9.g5 Nf6e8
10.gxh6 Kh7
11.hxg7 Ne8xg7
12.Nf3g5 Kg8
13.Qd1f3 Ng7e6
14.Rh1g1 Ne6g7
15.Qf3g3 Qe7f6
16.Bc1e3 Bc5xe3
17.fxe3 Nc6d8
18.Nb1d2 Bc8e6
19.O-O-O Be6xc4
20.dxc4 Nd8e6
21.Rd1f1 Qf6h6
22.h4 Ra8e8
23.Nd2f3 f6
24.Kd2 Kh8
25.Ng5xe6 Ng7xe6
26.Nf3h2 Rf8g8
27.Nh2g4 Qh6g6
28.Qg3f3 Re8f8
29.h5 Qg6f7
30.Ng4h6 Qf7h7
31.Nh6xg8 Ne6g5
32.Rg1xg5 { resign }
1-0

[Event "Match"]
[Site "www.echecsemail.com"]
[Date "2019.01.04"]
[Round "1"]
[White "Erno"]
[Black "Dussek"]
[WhiteElo "1969"]
[BlackElo "1840"]
[Result "0-1"]
[Round "1"]
1.f4 Ng8f6
2.g3 d5
3.Ng1f3 g6
4.Bf1g2 Bf8g7
5.O-O O-O
6.d3 d4
7.Nb1a3 a6
8.Bc1d2 Nb8c6
9.c4 e6
10.Na3c2 Bc8d7
11.Nc2xd4 Nc6xd4
12.Nf3xd4 Ra8b8
13.Nd4c2 Nf6g4
14.Bd2b4 Rf8e8
15.d4 b6
16.e4 Ng4f6
17.e5 Nf6g4
18.Qd1xg4 a5
19.Bb4c3 h5
20.Qg4e2 Qd8e7
21.b4 Bg7f8
 { time }
0-1

[Event "Tourn. n10010"]
[Site "www.echecsemail.com"]
[Date "2019.01.04"]
[Round "1"]
[White "Tonino1"]
[Black "Luciano59"]
[WhiteElo "2270"]
[BlackElo "2579"]
[Result "0-1"]
[Round "1"]
1.d4 d5
2.Ng1f3 Ng8f6
3.e3 e6
4.Bf1d3 Bf8d6
5.O-O O-O
6.Nb1d2 Nb8d7
7.e4 dxe4
8.Nd2xe4 Nf6xe4
9.Bd3xe4 Nd7f6
10.Be4d3 b6
11.Qd1e2 Bc8b7
12.Nf3e5 c5
13.dxc5 Bd6xe5
14.Qe2xe5 Nf6d7
15.Qe5h5 g6
16.Qh5g4 Nd7xc5
17.Bc1h6 f5
18.Qg4h3 Nc5xd3
19.Bh6xf8 Nd3f4
20.Qh3h6 Qd8c7
21.Bf8a3 Bb7xg2
22.Rf1d1 e5
23.Ba3d6 Qc7c6
 { time }
0-1

[Event "Tourn. n10018"]
[Site "www.echecsemail.com"]
[Date "2019.01.04"]
[Round "1"]
[White "Julian"]
[Black "Iko"]
[WhiteElo "1740"]
[BlackElo "1740"]
[Result "0-1"]
[Round "1"]
1.e4 e5
2.Ng1f3 Nb8c6
3.Nb1c3 Ng8f6
4.d4 d6
5.dxe5 Nc6xe5
6.Bf1b5 Bc8d7
7.Bb5xd7 Qd8xd7
8.Nf3xe5 dxe5
9.Qd1xd7 Nf6xd7
10.Bc1e3 Bf8b4
11.Ke2 Bb4c5
12.Nc3d5 Bc5d6
13.Rh1d1 { time. }
0-1

[Event "Match"]
[Site "www.echecsemail.com"]
[Date "2019.01.04"]
[Round "1"]
[White "Tonino1"]
[Black "Hundegana"]
[WhiteElo "2120"]
[BlackElo "2100"]
[Result "1-0"]
[Round "1"]
1.f4 d5
2.d4 Bc8f5
3.e3 Ng8f6
4.Bf1d3 Bf5xd3
5.Qd1xd3 Nf6e4
6.Qd3b5 c6
7.Qb5xb7 Nb8d7
8.Qb7xc6 e6
9.c3 Ra8c8
10.Qc6a4 a5
11.Ng1f3 f6
12.O-O Bf8e7
13.Nb1d2 O-O
14.Nd2xe4 dxe4
15.Nf3d2 f5
16.Nd2c4 Rc8xc4
17.Qa4xc4 Qd8b6
18.b4 axb4
19.cxb4 Kf7
20.d5 exd5
21.Qc4xd5 Qb6e6
22.Qd5xe6 Kxe6
23.a3 Rf8c8
24.Bc1b2 g6
25.Ra1c1 Rc8xc1
26.Rf1xc1 Kd6
27.Rc1d1 Kc6
28.b5 Kc7
29.Rd1xd7 Kxd7
30.a4 Kc7
31.a5 Be7b4
32.Bb2e5 Kb7
33.a6 Ka8
34.b6 Bb4c5
35.b7 Ka7
36.b8Q Kxa6
37.Be5d4 Bc5xd4
38.exd4 h5
39.d5 e3
40.Kf1 g5
41.fxg5 f4
42.d6 h4
43.d7 h3
44.gxh3 f3
45.d8Q e2
46.Kf2 e1Q
47.Kxe1 f2
48.Kd2 f1Q
49.Qd8b6 { resign }
1-0

[Event "Match"]
[Site "www.echecsemail.com"]
[Date "2019.01.04"]
[Round "1"]
[White "Stevep84"]
[Black "Cathar"]
[WhiteElo "2330"]
[BlackElo "2170"]
[Result "1-0"]
[Round "1"]
1.e4 Ng8f6
2.e5 Nf6d5
3.d4 d6
4.Ng1f3 dxe5
5.Nf3xe5 c6
6.Bf1e2 Bc8f5
7.O-O Nb8d7
8.Ne5xd7 Qd8xd7
9.a3 e6
10.c4 Nd5f6
11.Nb1c3 Bf8e7
12.Bc1f4 O-O
13.Bf4e5 Rf8d8
14.Be2d3 Bf5xd3
15.Qd1xd3 c5
16.Nc3e2 Qd7c6
17.b4 cxd4
18.Ne2xd4 Qc6e4
19.Qd3xe4 Nf6xe4
20.Nd4b3 Rd8d3
21.Ra1b1 Ra8d8
22.a4 f6
23.Be5g3 e5
24.Nb3a5 Rd8d7
25.c5 Ne4d2
26.c6 bxc6
27.h3 Nd2xb1
28.Rf1xb1 { resign }
1-0

[Event "Match"]
[Site "www.echecsemail.com"]
[Date "2019.01.04"]
[Round "1"]
[White "Gambitmiau"]
[Black "Darknight"]
[WhiteElo "1910"]
[BlackElo "1840"]
[Result "0-1"]
[Round "1"]
1.e4 e5
2.d4 exd4
3.Bf1c4 Nb8c6
4.Qd1f3 Nc6e5
5.Qf3b3 Qd8e7
6.Ng1e2 Qe7c5
7.O-O Ne5xc4
8.Qb3d3 Nc4e5
9.Qd3b3 d6
10.Bc1d2 a5
11.Nb1a3 h6
12.Ne2f4 c6
13.c3 Qc5a7
14.cxd4 Qa7xd4
15.Rf1e1 Qd4xd2
16.Nf4e2 Qd2g5
17.f4 Qg5g6
18.fxe5 dxe5
19.Ne2g3 Bf8e7
20.Na3c4 b5
21.Nc4xe5 Qg6f6
22.Qb3c3 c5
23.Re1f1 Qf6e6
24.Ne5xf7 Rh8h7
25.Ng3h5 Ng8f6
26.Nh5xf6 gxf6
27.Nf7xh6 Rh7xh6
28.Qc3e3 Rh6g6
29.Qe3f3 Bc8b7
30.Ra1e1 Bb7c6
31.Qf3h5 Qe6f7
32.g3 Kd7
33.e5 Qf7g7
34.Qh5f5 Kc7
35.Qf5f4 Kb6
36.exf6 Be7xf6
37.Re1e6 Bf6d4
38.Re6e3 Rg6e6
39.Rf1e1 Ra8e8
40.Kf2 Re6f6
{ resign }
0-1

[Event "Match"]
[Site "www.echecsemail.com"]
[Date "2019.01.04"]
[Round "1"]
[White "Tonino1"]
[Black "Bigrezi"]
[WhiteElo "2140"]
[BlackElo "2290"]
[Result "1-0"]
[Round "1"]
1.f4 d5
2.d4 Bc8f5
3.e3 Ng8f6
4.Bf1d3 Nf6e4
5.Ng1f3 e6
6.O-O Nb8d7
7.Nb1d2 Ne4d6
8.Qd1e2 Bf8e7
9.c3 Bf5xd3
10.Qe2xd3 O-O
11.e4 Ra8c8
12.e5 Nd6f5
13.g3 c5
14.g4 c4
15.Qd3e2 Nf5h4
16.Nf3xh4 Be7xh4
17.g5 h6
18.Nd2f3 hxg5
19.fxg5 Bh4g3
20.hxg3 Qd8a5
21.Qe2h2 Qa5a4
22.Kg2 Qa4c2
23.Nf3d2 Qc2d3
24.Rf1h1 Qd3e2
25.Kg1 Qe2xh2
26.Rh1xh2 g6
27.Nd2f1 Kg7
28.Bc1d2 Rf8h8
29.Ra1e1 Rh8xh2
30.Nf1xh2 Kf8
31.Nh2g4 Ke7
32.Ng4f6 Rc8c6
33.Re1f1 Nd7b8
34.Kg2 Rc6c8
35.Rf1h1 Nb8c6
36.Rh1h7 b5
37.Rh7g7 Rc8h8
38.Rg7h7 Rh8xh7
39.Nf6xh7 a5
40.b3 cxb3
41.axb3 a4
42.b4 a3
43.Bd2c1 a2
44.Bc1b2 Ke8
45.Nh7f6 Kd8
46.Nf6g4 Nc6a7
47.Ng4f2 Na7c8
48.Nf2d3 Nc8b6
49.Nd3c1 Nb6c4
50.Bb2a1 Nc4e3
51.Kf2 Ne3c2
52.Nc1b3 Nc2xa1
53.Nb3xa1 Kc7
54.Ke2 Kd7
55.Kd2 Kd8
56.Kc2 Ke8
57.Kb2 Kd7
58.Kxa2 Kc6
59.Kb3 Kb6
60.Na1c2 Kc6
61.Nc2e1 Kc7
62.Ne1d3 Kc6
63.Nd3b2 Kb6
64.c4 dxc4
65.Nb2xc4 bxc4
66.Kxc4 Kc6
67.g4 Kb6
68.b5 Kc7
69.Kc5 Kb7
70.b6 Kb8
71.Kd6 { resign }
1-0

[Event "Tourn. n10014"]
[Site "www.echecsemail.com"]
[Date "2019.01.04"]
[Round "1"]
[White "Seger"]
[Black "Tonino1"]
[WhiteElo "2820"]
[BlackElo "2300"]
[Result "1-0"]
[Round "1"]
1.e4 d6
2.d4 Ng8f6
3.Nb1c3 c6
4.f4 Qd8c7
5.Ng1f3 g6
6.Bf1d3 Bf8g7
7.O-O O-O
8.Qd1e1 Bc8g4
9.Qe1h4 Bg4xf3
10.Rf1xf3 e5
11.fxe5 Nf6e8
12.Rf3h3 h5
13.g4 dxe5
14.gxh5 exd4
15.hxg6 fxg6
16.Qh4h7 Kf7
17.Rh3f3 Ke7
18.Bc1g5 Kd7
19.Qh7h3 Kd6
20.e5 Kc5
21.Nc3a4 Kb4
22.Bg5d2 Kxa4
23.Qh3e6 Qc7b6
24.Qe6b3 Qb6xb3
25.axb3  { time }
1-0

[Event "Tourn. n10034"]
[Site "www.echecsemail.com"]
[Date "2019.01.04"]
[Round "1"]
[White "Fantomas"]
[Black "Fegatux"]
[WhiteElo "2180"]
[BlackElo "2130"]
[Result "0-1"]
[Round "1"]
1.e4 e6
2.d4 d5
3.exd5 exd5
4.h3 Ng8f6
5.Ng1f3 Bf8d6
6.Bf1e2 O-O
7.O-O c6
8.c3 Bc8f5
9.Be2d3 Qd8d7
10.Bd3xf5 Qd7xf5
11.Bc1e3 Rf8e8
12.Nb1d2 Nb8d7
13.Nf3h2 Nf6e4
14.Qd1c2 Nd7f6
15.f3 Ne4g3
16.Qc2xf5 Ng3xf5
17.Be3f2 Re8e2
18.Ra1d1 Bd6f4
19.Nd2b1 Re2xb2
20.a3 Ra8e8
21.Nh2g4 Nf6xg4
22.fxg4 Nf5g3
23.Rf1e1 Re8e2
24.Re1xe2 Rb2xe2
25.Rd1e1 Re2xe1
26.Bf2xe1 Ng3e4
27.Kf1 b5
28.Ke2 Kf8
29.Kf3 g5
30.g3 Bf4d6
31.Be1f2 h6
32.Bf2e1 Ke7
33.h4 f6
34.Be1f2 Kd7
{ resign }
0-1

[Event "Tourn. n10018"]
[Site "www.echecsemail.com"]
[Date "2019.01.04"]
[Round "1"]
[White "Julian"]
[Black "Cal"]
[WhiteElo "1740"]
[BlackElo "1830"]
[Result "0-1"]
[Round "1"]
1.e4 e5
2.Ng1f3 d6
3.d4 exd4
4.Nf3xd4 c5
5.Nd4f3 h6
6.c4 Ng8f6
7.Nb1c3 Bf8e7
8.Bf1e2 Bc8e6
9.O-O Nb8c6
10.Nc3d5 Nf6xe4
11.Nd5xe7 Qd8xe7
12.Be2d3 Ne4f6
13.Rf1e1 O-O
14.Bc1f4 { time. }
0-1

[Event "Tourn. n10038"]
[Site "www.echecsemail.com"]
[Date "2019.01.04"]
[Round "1"]
[White "Bojan"]
[Black "Luban"]
[WhiteElo "2010"]
[BlackElo "2140"]
[Result "0-1"]
[Round "1"]
1.e4 c5
2.a3 e6
3.c3 d5
4.e5 a6
5.b4 Bc8d7
6.d3 Nb8c6
7.f4 g6
8.d4 cxd4
9.cxd4 Ng8e7
10.g4 Bf8g7
11.g5 Ne7f5
12.Ng1f3 Qd8b6
13.Bc1b2 Ra8c8
14.Qd1d3 O-O
15.Nb1d2 Nc6a7
16.Bf1e2 Bd7b5
17.Qd3b3 Rc8c7
18.Kf2 Bb5xe2
19.Kxe2 Na7b5
20.Qb3d1 Nb5xd4
21.Nf3xd4 Nf5xd4
22.Kf1 Rf8c8
23.Ra1c1 Rc7xc1
24.Bb2xc1 Nd4c2
25.Qd1e2 Nc2e3
26.Kf2 Ne3f5
27.Kf3 Nf5d4
{ resign }
0-1

[Event "Match"]
[Site "www.echecsemail.com"]
[Date "2019.01.04"]
[Round "1"]
[White "Paco"]
[Black "Tbsundar"]
[WhiteElo "2020"]
[BlackElo "2010"]
[Result "0-1"]
[Round "1"]
1.e4 e5
2.Ng1f3 Nb8c6
3.Bf1c4 Ng8f6
4.Nf3g5 d5
5.Bc4b3 h6
6.exd5 Nc6d4
7.Bb3a4 b5
8.Ng5xf7 Kxf7
9.Ba4b3 Bf8d6
10.c3 Nd4f5
11.Nb1a3 a6
12.c4 Nf5h4
13.O-O Bc8g4
14.f3 Bg4h5
15.cxb5 Rh8f8
16.g4 Bh5g6
17.Na3c4 axb5
18.Nc4e3 Bg6d3
19.Rf1f2 Kg8
20.Ne3g2 Nh4xg2
21.Rf2xg2 Nf6h7
22.Qd1e1 Rf8xf3
23.Bb3d1 Qd8h4
24.Rg2f2 Rf3f4
25.Qe1e3 Ra8f8
26.Rf2xf4 Rf8xf4
27.Qe3xd3 Qh4e1
28.Kg2 Rf4f2
29.Kh3 Nh7g5
{ time. }
0-1

[Event "Match"]
[Site "www.echecsemail.com"]
[Date "2019.01.04"]
[Round "1"]
[White "Nevaeh"]
[Black "Apdash"]
[WhiteElo "1809"]
[BlackElo "2250"]
[Result "1-0"]
[Round "1"]
1.d4 Ng8f6
2.Ng1f3 d6
3.g3 g6
4.Bf1g2 Bf8g7
5.O-O O-O
6.c4 Rf8e8
7.Nb1c3 Bc8g4
8.h3 Bg4xf3
9.Bg2xf3 Nb8c6
10.Bf3g2 Qd8d7
11.d5 Nc6a5
12.Qd1d3 b6
13.b4 Na5b7
14.Ra1b1 a6
15.Bc1e3 e5
16.dxe6 Qd7c8
17.exf7 Kxf7
18.Nc3d5 Ra8b8
19.Rf1d1 Nb7d8
20.c5 dxc5
21.bxc5 b5
22.c6 Nd8e6
23.Qd3b3 Nf6xd5
24.Rd1xd5 Re8d8
25.Rb1d1 Rd8xd5
26.Bg2xd5 Ke7
27.Qb3b4 Ke8
28.Qb4e4 Ke7
29.Bd5b3 Kf6
30.Rd1d7 Qc8e8
31.Qe4h4 g5
32.Qh4e4 a5
33.Bb3xe6 Qe8xe6
34.Be3d4 { resign }
1-0

[Event "1/128 Finale"]
[Site "www.chess-mail.com"]
[Date "2019.01.04"]
[Round "1"]
[White "Osopanda"]
[Black "Reignblowcan"]
[WhiteElo "1840"]
[BlackElo "2550"]
[Result "0-1"]
[Round "1"]
1.e4 e6
2.d4 d5
3.Nb1d2 c5
4.exd5 Qd8xd5
5.dxc5 Bf8xc5
6.Ng1f3 Ng8f6
7.Bf1c4 Qd5h5
8.O-O O-O
9.Rf1e1 Nb8c6
10.Nd2e4 Nf6xe4
11.Re1xe4 h6
12.Re4h4 Qh5g6
13.Rh4h3 e5
14.Rh3g3 Qg6f6
15.Qd1e2 Bc8f5
16.c3 e4
17.Nf3d4 Nc6xd4
18.cxd4 Bc5xd4
19.Bc1e3 Bd4xb2
20.Ra1b1 Bb2e5
21.f4 exf3
22.Qe2xf3 Bf5xb1
23.Qf3xf6 Be5xf6
24.Be3xh6 Ra8c8
25.Bc4b3 Bf6e5
26.Rg3f3 gxh6
27.Rf3f1 { time. }
0-1

[Event "1/128 Finale"]
[Site "www.chess-mail.com"]
[Date "2019.01.04"]
[Round "1"]
[White "Erno"]
[Black "Reignblowcan"]
[WhiteElo "1349"]
[BlackElo "2520"]
[Result "0-1"]
[Round "1"]
1.c4 e6
2.d4 c5
3.d5 exd5
4.cxd5 a6
5.e4 d6
6.a4 Bf8e7
7.Nb1c3 Be7f6
8.Bf1d3 Ng8e7
9.Ng1e2 b6
10.O-O O-O
11.Ne2g3 Nb8d7
12.f4 Bf6d4
13.Kh1 g6
14.Qd1f3 Qd8c7
15.Bc1e3 Bd4g7
16.Bd3c4 Bc8b7
 { time }
0-1

[Event "1/32 Finale"]
[Site "www.chess-mail.com"]
[Date "2019.01.04"]
[Round "1"]
[White "Erno"]
[Black "Paulsyd"]
[WhiteElo "2219"]
[BlackElo "2680"]
[Result "0-1"]
[Round "1"]
1.d4 d5
2.c4 e6
3.Ng1f3 Ng8f6
4.g3 dxc4
5.Bf1g2 a6
6.O-O Nb8c6
7.e3 Bc8d7
8.Qd1e2 b5
9.b3 cxb3
10.axb3 Bf8d6
11.Bc1b2 O-O
12.Rf1c1 Nf6d5
13.Nf3e1 Bd6e7
14.Nb1c3 Nc6b4
15.Nc3e4 a5
16.Ne4c5 Bd7c6
17.Bb2a3 Rf8e8
18.Ba3xb4 axb4
19.Qe2c2 Be7f8
20.Ne1d3 Ra8a3
21.Nd3e5 Bc6a8
22.Ne5d3 h5
23.h4 g5
 { time }
0-1

[Event "Tourn. n10020"]
[Site "www.echecsemail.com"]
[Date "2019.01.05"]
[Round "1"]
[White "Dougbeer"]
[Black "Zack1984"]
[WhiteElo "2480"]
[BlackElo "2220"]
[Result "1/2-1/2"]
[Round "1"]
1.e4 Ng8f6
2.e5 Nf6d5
3.d4 d6
4.c4 Nd5b6
5.f4 Bc8f5
6.Nb1c3 e6
7.Bc1e3 dxe5
8.fxe5 Bf8b4
9.Ng1f3 c5
10.Bf1e2 cxd4
11.Nf3xd4 Bb4xc3
12.bxc3 O-O
13.O-O Bf5g6
14.Nd4b5 Nb6d7
15.Nb5d6 Nd7xe5
16.Nd6xb7 Qd8c7
17.Nb7d6 Nb8d7
18.Qd1d4 Ne5c6
19.Qd4d2 Nd7f6
20.Be2f3 Ra8d8
21.c5 Nc6e5
22.Bf3e2 Nf6e4
23.Qd2d4 f6
24.Ra1d1 Qc7a5
25.Be2c4 Kh8
26.Bc4b3 Ne5g4
27.Bb3xe6 Ng4xe3
28.Qd4xe3 Ne4xc5
29.Be6f5 Qa5c7
30.Bf5xg6 hxg6
31.Qe3d4 g5
32.Rf1e1 Rd8d7
33.Re1e3 Nc5b7
34.Qd4d5 Qc7c5
35.Qd5xc5 Nb7xc5
36.Rd1d4 Rf8b8
37.Nd6f5 Rb8b7
38.Kf2 Kh7
39.Kf3 Rb7b5
40.g4 Rd7c7
41.Rd4c4 Rb5a5
42.Re3e2 Rc7d7
{ draw }
1/2-1/2

[Event "Match"]
[Site "www.echecsemail.com"]
[Date "2019.01.05"]
[Round "1"]
[White "Erno"]
[Black "Hundegana"]
[WhiteElo "1349"]
[BlackElo "2100"]
[Result "0-1"]
[Round "1"]
1.Ng1f3 c5
2.c4 Ng8f6
3.g3 b6
4.Bf1g2 Bc8b7
5.Nb1c3 a6
6.O-O g6
7.e4 d6
8.d4 cxd4
9.Nf3xd4 e5
10.Nd4c2 Bf8e7
11.Bc1h6 Be7f8
12.Qd1d2 Nb8d7
13.Bh6xf8 Kxf8
14.Qd2xd6 Qd8e7
15.Qd6c7 Bb7c8
16.f4 Qe7c5
17.Qc7xc5 Nd7xc5
18.b4 Nc5e6
19.Nc3d5 Nf6xd5
20.exd5 Ne6d8
21.fxe5 Ra8a7
22.c5 bxc5
23.bxc5 Kg7
24.d6 Nd8e6
25.c6 Rh8d8
26.Ra1b1 Ne6c5
27.c7 Rd8f8
28.Nc2d4 a5
 { time }
0-1